| 000 | 01573nam a2200385 a 4500 | ||
|---|---|---|---|
| 001 | ebr10256598 | ||
| 003 | CaPaEBR | ||
| 006 | m u | ||
| 007 | cr cn||||||||| | ||
| 008 | 070619s2007 gw a sb 001 0 eng | ||
| 010 | _z 2007025689 | ||
| 020 | _z9783110195781 (hbk. : alk. paper) | ||
| 020 | _z311019578X (hbk. : alk. paper) | ||
| 040 |
_aCaPaEBR _cCaPaEBR |
||
| 035 | _a(OCoLC)503443458 | ||
| 050 | 1 | 4 |
_aP117 _b.V57 2007eb |
| 082 | 0 | 4 |
_a419 _222 |
| 245 | 0 | 0 |
_aVisible variation _h[electronic resource] : _bcomparative studies on sign language structure / _cedited by Pamela M. Perniss, Roland Pfau, Markus Steinbach. |
| 260 |
_aBerlin ; _aNew York : _bMouton de Gruyter, _cc2007. |
||
| 300 |
_ax, 403 p. : _bill. |
||
| 490 | 1 |
_aTrends in linguistics. Studies and monographs, _x1861-4302 ; _v188 |
|
| 504 | _aIncludes bibliographical references and index. | ||
| 533 |
_aElectronic reproduction. _bPalo Alto, Calif. : _cebrary, _d2013. _nAvailable via World Wide Web. _nAccess may be limited to ebrary affiliated libraries. |
||
| 650 | 0 | _aSign language. | |
| 650 | 0 |
_aLanguage and languages _xVariation. |
|
| 650 | 0 | _aPsycholinguistics. | |
| 650 | 0 | _aLinguistic change. | |
| 655 | 7 |
_aElectronic books. _2local |
|
| 700 | 1 |
_aPerniss, Pamela, _d1974- |
|
| 700 | 1 | _aPfau, Roland. | |
| 700 | 1 | _aSteinbach, Markus. | |
| 710 | 2 | _aebrary, Inc. | |
| 830 | 0 |
_aTrends in linguistics. _pStudies and monographs ; _v188. |
|
| 856 | 4 | 0 |
_uhttp://site.ebrary.com/lib/rucke/Doc?id=10256598 _zAn electronic book accessible through the World Wide Web; click to view |
| 999 |
_c13288 _d13288 |
||